Manual of clinical microbiology

Đã lưu trong:
书目详细资料
主要作者: Murray, Patrick R.
格式: 图书
语言:Undetermined
出版: Washington, D. C. ASM Press 2003
主题:
标签: 添加标签
没有标签, 成为第一个标记此记录!
Thư viện lưu trữ: Trung tâm Học liệu Trường Đại học Cần Thơ
LEADER 00627nam a2200205Ia 4500
001 CTU_67717
008 210402s9999 xx 000 0 und d
020 |b 193 
082 |a 616.01 
082 |b M981/Vol.2 
100 |a Murray, Patrick R. 
245 0 |a Manual of clinical microbiology 
245 0 |c Patrick R. Murray 
260 |a Washington, D. C. 
260 |b ASM Press 
260 |c 2003 
650 |a Diagnostic microbiology,Medical microbiology,Microbiological techniques 
650 |x Handbooks, manuals, etc.,Handbooks, manuals, etc. 
904 |i Minh 
980 |a Trung tâm Học liệu Trường Đại học Cần Thơ